| 000 | 00571nam a22001697a 4500 | ||
|---|---|---|---|
| 003 | NUST | ||
| 038 | _aNusrat Nadeem | ||
| 082 | _a200 | ||
| 100 |
_aAhmad, Shahlan _9120904 |
||
| 245 |
_aDesign and Development of Polarization Agile Frequency Selective Surfaces (FSS) for C, X and Ku bands/ _cShahlan Ahmad, |
||
| 264 |
_aIslamabad, _bSEECS NUST, _c2024. |
||
| 300 |
_aill: _b55,p: _c30,cm. |
||
| 650 | _aElectrical Engineering | ||
| 700 |
_aSupervisor: Dr. Nosherwan Shoaib _996841 |
||
| 856 | _uhttp://10.250.8.41:8080/xmlui/handle/123456789/42198 | ||
| 942 |
_2ddc _cSC |
||
| 999 |
_c607933 _d607933 |
||